000 00292nam a2200121Ia 4500
005 20251222142031.0
008 251222s9999||||xx |||||||||||||| ||spa||
082 _a801/G28
100 _aGatti Murriel, Carlos
245 0 _aEl Lenguaje:
264 _bUniversidad del PacĂ­fico
942 _cLIB
999 _c10968
_d10968